<?xml version="1.0" encoding="UTF-8"?><?xml-stylesheet type="text/xsl" href="static/style.xsl"?><OAI-PMH xmlns="http://www.openarchives.org/OAI/2.0/" xmlns:xsi="http://www.w3.org/2001/XMLSchema-instance" xsi:schemaLocation="http://www.openarchives.org/OAI/2.0/ http://www.openarchives.org/OAI/2.0/OAI-PMH.xsd"><responseDate>2026-04-14T05:48:48Z</responseDate><request verb="GetRecord" identifier="oai:www.recercat.cat:10256/18961" metadataPrefix="marc">https://recercat.cat/oai/request</request><GetRecord><record><header><identifier>oai:recercat.cat:10256/18961</identifier><datestamp>2024-06-14T09:28:21Z</datestamp><setSpec>com_2072_452955</setSpec><setSpec>com_2072_2054</setSpec><setSpec>col_2072_453062</setSpec></header><metadata><record xmlns="http://www.loc.gov/MARC21/slim" xmlns:dcterms="http://purl.org/dc/terms/" xmlns:xsi="http://www.w3.org/2001/XMLSchema-instance" xmlns:doc="http://www.lyncode.com/xoai" xsi:schemaLocation="http://www.loc.gov/MARC21/slim http://www.loc.gov/standards/marcxml/schema/MARC21slim.xsd">
   <leader>00925njm 22002777a 4500</leader>
   <datafield ind2=" " ind1=" " tag="042">
      <subfield code="a">dc</subfield>
   </datafield>
   <datafield ind2=" " ind1=" " tag="720">
      <subfield code="a">Dessì, Paolo</subfield>
      <subfield code="e">author</subfield>
   </datafield>
   <datafield ind2=" " ind1=" " tag="720">
      <subfield code="a">Rovira Alsina, Laura</subfield>
      <subfield code="e">author</subfield>
   </datafield>
   <datafield ind2=" " ind1=" " tag="720">
      <subfield code="a">Sánchez, Carlos</subfield>
      <subfield code="e">author</subfield>
   </datafield>
   <datafield ind2=" " ind1=" " tag="720">
      <subfield code="a">Kumaravel Dinesh, G.</subfield>
      <subfield code="e">author</subfield>
   </datafield>
   <datafield ind2=" " ind1=" " tag="720">
      <subfield code="a">Tong, Wenming</subfield>
      <subfield code="e">author</subfield>
   </datafield>
   <datafield ind2=" " ind1=" " tag="720">
      <subfield code="a">Chatterjee, Pritha</subfield>
      <subfield code="e">author</subfield>
   </datafield>
   <datafield ind2=" " ind1=" " tag="720">
      <subfield code="a">Tedesco, Michele</subfield>
      <subfield code="e">author</subfield>
   </datafield>
   <datafield ind2=" " ind1=" " tag="720">
      <subfield code="a">Farràs, Pau</subfield>
      <subfield code="e">author</subfield>
   </datafield>
   <datafield ind2=" " ind1=" " tag="720">
      <subfield code="a">Hamelers, Hubertus M.V</subfield>
      <subfield code="e">author</subfield>
   </datafield>
   <datafield ind2=" " ind1=" " tag="720">
      <subfield code="a">Puig Broch, Sebastià</subfield>
      <subfield code="e">author</subfield>
   </datafield>
   <datafield ind2=" " ind1=" " tag="260">
      <subfield code="c">2021-01-01</subfield>
   </datafield>
   <datafield ind2=" " ind1=" " tag="520">
      <subfield code="a">Decarbonisation of the economy has become a priority at the global level, and the resulting legislative pressure is pushing the chemical and energy industries away from fossil fuels. Microbial electrosynthesis (MES) has emerged as a promising technology to promote this transition, which will further benefit from the decreasing cost of renewable energy. However, several technological challenges need to be addressed before the MES technology can reach its maturity. The aim of this review is to critically discuss the bottlenecks hampering the industrial adoption of MES, considering the whole production process (from the CO2 source to the marketable products), and indicate future directions. A flexible stack design, with flat or tubular MES modules and direct CO2 supply, is required for site-specific decentralised applications. The experience gained for scaling-up electrochemical cells (e.g. electrolysers) can serve as a guideline for realising pilot MES stacks to be technologically and economically evaluated in industrially relevant conditions. Maximising CO2 abatement rate by targeting high-rate production of acetate can promote adoption of MES technology in the short term. However, the development of a replicable and robust strategy for production and in-line extraction of higher-value products (e.g. caproic acid and hexanol) at the cathode, and meaningful exploitation of the currently overlooked anodic reactions, can further boost MES cost-effectiveness. Furthermore, the use of energy storage and smart electronics can alleviate the fluctuations of renewable energy supply. Despite the unresolved challenges, the flexible MES technology can be applied to decarbonise flue gas from different sources, to upgrade industrial and wastewater treatment plants, and to produce a wide array of green and sustainable chemicals. The combination of these benefits can support the industrial adoption of MES over competing technologies</subfield>
   </datafield>
   <datafield ind2=" " ind1=" " tag="520">
      <subfield code="a">This work was performed on the framework of the Science Foundation Ireland (SFI) Pathfinder Award on “Hybrid Bio-Solar Reactors for&#xd;
wastewater treatment and CO2 recycling” (award nr. 19/FIP/ZE/&#xd;
7572PF). L.R.-A. and S.P. thank the European Union’s Horizon 2020&#xd;
research and innovation program under the grant agreement No 760431&#xd;
(BIORECO2VER), the Agency for Business Competitiveness of the Government of Catalonia (ACCIO; ´ COMRDI16-1-0061) and Spanish Ministry&#xd;
of Science (RTI2018-098360-B-I00). L.R.-A. acknowledge the support by&#xd;
the Catalan Government (2018 FI-B 00347) in the European FSE program (CCI 2014ES05SFOP007). S.P. is a Serra Húnter Fellow (UdG-AG575) and acknowledges the funding from the ICREA Acad`emia award.&#xd;
LEQUiA has been recognized as consolidated research group by the&#xd;
Catalan Government with code 2017-SGR-1552. W.T. and P.F.&#xd;
acknowledge financial support from INTERREG Atlantic Area programme (Grant reference EAPA_190_2016), and P.F. acknowledges&#xd;
support from Royal Society Alumni programme. M.T. and H.V.M.H.&#xd;
acknowledge the financial support of Wetsus co-funders, i.e. the Dutch&#xd;
Ministry of Economic Affairs and Ministry of Infrastructure and Environment, the Province of Fryslan, ˆ and the Northern Netherlands Provinces. P.C. acknowledges funding received from SERB, Govt. of India&#xd;
funded project (Grant Reference SRG/2019/00075).</subfield>
   </datafield>
   <datafield ind1="8" ind2=" " tag="024">
      <subfield code="a">http://hdl.handle.net/10256/18961</subfield>
   </datafield>
   <datafield tag="653" ind2=" " ind1=" ">
      <subfield code="a">Química verda</subfield>
   </datafield>
   <datafield tag="653" ind2=" " ind1=" ">
      <subfield code="a">Green chemistry</subfield>
   </datafield>
   <datafield tag="653" ind2=" " ind1=" ">
      <subfield code="a">Bioelectroquímica</subfield>
   </datafield>
   <datafield tag="653" ind2=" " ind1=" ">
      <subfield code="a">Bioelectrochemistry</subfield>
   </datafield>
   <datafield ind2="0" ind1="0" tag="245">
      <subfield code="a">Microbial electrosynthesis: towards sustainable biorefineries for production of green chemicals from CO2 emissions</subfield>
   </datafield>
</record></metadata></record></GetRecord></OAI-PMH>